Educación plástica 3; para tercer año del ciclo básico /

Guardado en:
Autor Principal: Villarruel, Anahí
Formato: Libro
Publicado: Buenos Aires : Kapelusz, 1986
Materias:
Etiquetas: Agregar Etiqueta
Sin Etiquetas, Sea el primero en etiquetar este registro!
LEADER 01018nam a22002415a 4500
001 CEM.cems006574
005 20060214000000.0
008 130507s1986##################000#0#####d
003 CEMS
082 0 4 |a 700 
100 1 |a Villarruel, Anahí 
245 1 0 |a Educación plástica 3; para tercer año del ciclo básico / 
260 |a Buenos Aires :  |b Kapelusz,  |c 1986 
300 |a 79 p. 
505 0 |a El punto.-La l¡nea.-Figura o forma.-Bidimensi¢n.-Volumen.-El color. -El valor-textura.-Nociónes fundamentales de composici¢n simetr¡a- ritmo.-Prehistoria.-Egipto.-Grecia.-Roma.-Bizancio.-Arte en el medievo: el Rom nico.-El G¢tico 
653 |a Arte argentino 
653 |a Arte precolombino 
653 |a Barroco en america 
653 |a Educacion plastica 
653 |a Educacion plastica 3er. año 
859 |a CEMS  |b BIB. CEMS - 11 de abril  |h 700  |i V713/III  |p 14105.86  |t Ej.1 
859 |a CEMS  |b BIB. CEMS - 11 de abril  |h 700  |i V713/III  |p 14777.87  |t Ej.2 
859 |a CEMS  |b BIB. CEMS - 11 de abril  |h 700  |i V713/III  |p 14778.87  |t Ej.3